Essential environmental science / (Record no. 16342)
[ view plain ]
| 000 -LEADER | |
|---|---|
| fixed length control field | 01274nam a22003017a 4500 |
| 003 - CONTROL NUMBER IDENTIFIER | |
| control field | BDCtgAUW |
| 005 - DATE AND TIME OF LATEST TRANSACTION | |
| control field | 20260331144347.0 |
| 008 - FIXED-LENGTH DATA ELEMENTS--GENERAL INFORMATION | |
| fixed length control field | 070810s2008 njuab b 001 0 eng |
| 010 ## - LIBRARY OF CONGRESS CONTROL NUMBER | |
| LC control number | 2007033352 |
| 020 ## - INTERNATIONAL STANDARD BOOK NUMBER | |
| International Standard Book Number | 9780471704119 |
| 035 ## - SYSTEM CONTROL NUMBER | |
| System control number | 14961507 |
| 040 ## - CATALOGING SOURCE | |
| Transcribing agency | BDCtgAUW |
| Modifying agency | BDCtgAUW |
| Language of cataloging | BDCtgAUW |
| 050 00 - LIBRARY OF CONGRESS CALL NUMBER | |
| Classification number | GE105.K45 |
| 100 10 - MAIN ENTRY--PERSONAL NAME | |
| Personal name | Keller, Edward A. |
| Relator term | author |
| 9 (RLIN) | 25246 |
| 245 10 - TITLE STATEMENT | |
| Title | Essential environmental science / |
| 260 ## - PUBLICATION, DISTRIBUTION, ETC. | |
| Place of publication, distribution, etc. | Hoboken, NJ : |
| Name of publisher, distributor, etc. | John Wiley, |
| Date of publication, distribution, etc. | c2008. |
| 300 ## - PHYSICAL DESCRIPTION | |
| Extent | xxvi, 454 p. : |
| Other physical details | ill. (chiefly col.), col. maps ; |
| Dimensions | 28 cm. |
| 504 ## - BIBLIOGRAPHY, ETC. NOTE | |
| Bibliography, etc. note | Includes bibliographical references (p. 417-432) and index. |
| 650 #0 - SUBJECT ADDED ENTRY--TOPICAL TERM | |
| Topical term or geographic name entry element | Environmental sciences. |
| 700 1# - ADDED ENTRY--PERSONAL NAME | |
| Personal name | Botkin, Daniel B. |
| 9 (RLIN) | 91257 |
| 856 42 - ELECTRONIC LOCATION AND ACCESS | |
| Materials specified | Publisher description |
| Uniform Resource Identifier | <a href="http://www.loc.gov/catdir/enhancements/fy0740/2007033352-d.html">http://www.loc.gov/catdir/enhancements/fy0740/2007033352-d.html</a> |
| 856 41 - ELECTRONIC LOCATION AND ACCESS | |
| Materials specified | Table of contents only |
| Uniform Resource Identifier | <a href="http://www.loc.gov/catdir/enhancements/fy0740/2007033352-t.html">http://www.loc.gov/catdir/enhancements/fy0740/2007033352-t.html</a> |
| 856 42 - ELECTRONIC LOCATION AND ACCESS | |
| Materials specified | Contributor biographical information |
| Uniform Resource Identifier | <a href="http://www.loc.gov/catdir/enhancements/fy0829/2007033352-b.html">http://www.loc.gov/catdir/enhancements/fy0829/2007033352-b.html</a> |
| 887 ## - NON-MARC INFORMATION FIELD | |
| Source of data | 8 |
| Content of non-MARC field | Papia Akter |
| 888 ## - | |
| -- | 8 |
| 942 ## - ADDED ENTRY ELEMENTS (KOHA) | |
| Source of classification or shelving scheme | Library of Congress Classification |
| Koha item type | Books |
| Suppress in OPAC | No |
| Withdrawn status | Lost status | Source of classification or shelving scheme | Damaged status | Not for loan | Collection | Home library | Current library | Shelving location | Date acquired | Source of acquisition | Cost, normal purchase price | Total Checkouts | Full call number | Barcode | Date last seen | Price effective from | Koha item type |
|---|---|---|---|---|---|---|---|---|---|---|---|---|---|---|---|---|---|
| Library of Congress Classification | Non-fiction | Asian University for Women Library | Asian University for Women Library | General Stacks | 10/03/2026 | Book Finder International | 11443.00 | GE105 .K45 | 033378 | 10/03/2026 | 10/03/2026 | Books |